Задачи и упражнения по математическому анализу (Запись № 1222028)

Подробности
000 -МАРКЕР
контрольное поле 01930nam1a2200349 i 4500
001 - ИДЕНТИФИКАТОР ЗАПИСИ
контрольное поле RU\NLR\bibl\818887
005 - ИДЕНТИФИКАТОР ВЕРСИИ
контрольное поле 20260406152335.0
010 ## - МЕЖДУНАРОДНЫЙ СТАНДАРТНЫЙ НОМЕР КНИГИ (ISBN)
Номер (ISBN) 5-7107-8903-8
Тираж 1000
035 ## - ДРУГИЕ СИСТЕМНЫЕ НОМЕРА
Идентификатор записи (NLR Aleph) 000807811
100 ## - ДАННЫЕ ОБЩЕЙ ОБРАБОТКИ
Данные общей обработки 20050712d2004 u y0rusy50 ca
101 0# - ЯЗЫК РЕСУРСА
Язык текста, звукозаписи и т.д. русский
102 ## - СТРАНА ПУБЛИКАЦИИ ИЛИ ПРОИЗВОДСТВА
Страна публикации Российская Федерация
105 ## - ПОЛЕ КОДИРОВАННЫХ ДАННЫХ: ТЕКСТОВЫЕ МАТЕРИАЛЫ, МОНОГРАФИЧЕСКИЕ
Кодированные данные о монографическом текстовом документе ||||j |||||
200 1# - ЗАГЛАВИЕ И СВЕДЕНИЯ ОБ ОТВЕТСТВЕННОСТИ
Основное заглавие Задачи и упражнения по математическому анализу
Сведения, относящиеся к заглавию учебник для студентов высших учебных заведений, обучающихся по направлениям и специальностям физико-математического профиля
-- [в 2 ч.]
Первые сведения об ответственности И.А. Виноградова, С.Н. Олехник, В.А. Садовничий
Последующие сведения об ответственности МГУ им. М.В. Ломоносова
205 ## - СВЕДЕНИЯ ОБ ИЗДАНИИ
Сведения об издании 4-е изд., стер.
210 ## - ПУБЛИКАЦИЯ, РАСПРОСТРАНЕНИЕ И ДР.
Место издания, распространения и т.д. Москва
Имя издателя, распространителя и т. д. Дрофа
-- Изд-во Моск. ун-та
Дата издания, распространения и т.д. 2004
215 ## - ФИЗИЧЕСКАЯ ХАРАКТЕРИСТИКА
Размеры 22
225 1# - СЕРИЯ
Основное заглавие серии Серия "Классический учебник"
Сведения об ответственности редсовет: пред. В.А. Садовничий [и др.]
300 ## - ОБЩИЕ ПРИМЕЧАНИЯ
Текст примечания На тит.л.: МГУ им. М.В. Ломоносова. 250 лет
463 #0 - УРОВЕНЬ ФИЗИЧЕСКОЙ ЕДИНИЦЫ
Встроенное поле 001792247
463 #0 - УРОВЕНЬ ФИЗИЧЕСКОЙ ЕДИНИЦЫ
Встроенное поле 001792252
606 1# - НАИМЕНОВАНИЕ ТЕМЫ КАК ПРЕДМЕТ
Наименование темы Математический анализ
Формальный подзаголовок Задачники
Системный номер авторитетной/нормативной записи 963473
Идентификатор авторитетной/нормативной записи RU\NLR\auth\6641277
686 ## - ИНДЕКСЫ ДРУГИХ КЛАССИФИКАЦИЙ
Индекс В161я73-4
700 #1 - ИМЯ ЛИЦА - ПЕРВИЧНАЯ ОТВЕТСТВЕННОСТЬ
Код отношения Автор
Графика поля Кириллица
Материалы, к которым относится поле rus
Начальный элемент ввода Виноградова
Часть имени, кроме начального элемента ввода И. А.
Дополнения к именам, кроме дат канд. физ.-мат. наук
Расширение инициалов личного имени Ирина Андреевна
Системный номер авторитетной/нормативной записи 115822
Идентификатор авторитетной/нормативной записи RU\NLR\auth\775863
701 #1 - ИМЯ ЛИЦА - АЛЬТЕРНАТИВНАЯ ОТВЕТСТВЕННОСТЬ
Код отношения Автор
Графика поля Кириллица
Материалы, к которым относится поле rus
Начальный элемент ввода Олехник
Часть имени, кроме начального элемента ввода С. Н.
Расширение инициалов личного имени Слав Николаевич
Системный номер авторитетной/нормативной записи 115826
Идентификатор авторитетной/нормативной записи RU\NLR\auth\775867
701 #1 - ИМЯ ЛИЦА - АЛЬТЕРНАТИВНАЯ ОТВЕТСТВЕННОСТЬ
Код отношения Автор
Графика поля Кириллица
Материалы, к которым относится поле rus
Начальный элемент ввода Садовничий
Часть имени, кроме начального элемента ввода В. А.
Даты 1939-
Расширение инициалов личного имени Виктор Антонович
Системный номер авторитетной/нормативной записи 115831
Идентификатор авторитетной/нормативной записи RU\NLR\auth\775872
801 #0 - ИСТОЧНИК ЗАПИСИ
Страна Российская Федерация
Организация NLR
Дата составления 20050712
Правила каталогизации rcr
801 #1 - ИСТОЧНИК ЗАПИСИ
Страна Российская Федерация
Организация NLR
Дата составления 20050712
852 ## - МЕСТОНАХОЖДЕНИЕ И ШИФР ХРАНЕНИЯ
Идентификатор организации NLR
Шифр хранения (Call Number) 2005-5/2859
942 ## - ДОПОЛНИТЕЛЬНЫЕ ЭЛЕМЕНТЫ ЗАПИСИ (АБИС)
Тип экземпляра АБИС Книга

Нет доступных экземпляров.